बालकवींची औदुंबर कविता:विविध अर्थ (Record no. 1241562)

MARC details
000 -LEADER
fixed length control field 00882nam a2200193Ia 4500
008 - FIXED-LENGTH DATA ELEMENTS--GENERAL INFORMATION
fixed length control field 151121s9999||||xx |||||||||||||| ||und||
082 ## - DEWEY DECIMAL CLASSIFICATION NUMBER
Classification number 801।951/नाडक
082 ## - DEWEY DECIMAL CLASSIFICATION NUMBER
Item number HNW-60005
100 ## - MAIN ENTRY--PERSONAL NAME
Personal name नाडकर्णी एस् ।एस् । संपा।
245 ## - TITLE STATEMENT
Title बालकवींची औदुंबर कविता:विविध अर्थ
260 ## - PUBLICATION, DISTRIBUTION, ETC. (IMPRINT)
Name of publisher, distributor, etc राजहंस वितरण - पुणे।
260 ## - PUBLICATION, DISTRIBUTION, ETC. (IMPRINT)
Date of publication, distribution, etc --
300 ## - PHYSICAL DESCRIPTION
Extent 257
600 ## - SUBJECT ADDED ENTRY--PERSONAL NAME
Personal name नाडकर्णी एस् ।एस् । संपा।
630 ## - SUBJECT ADDED ENTRY--UNIFORM TITLE
Uniform title बालकवींची औदुंबर कविता:विविध अर्थ
700 ## - ADDED ENTRY--PERSONAL NAME
Personal name नाडकर्णी एस् ।एस् । संपा।
730 ## - ADDED ENTRY--UNIFORM TITLE
Uniform title बालकवींची औदुंबर कविता:विविध अर्थ
942 ## - ADDED ENTRY ELEMENTS (KOHA)
Koha item type Book
Holdings
Withdrawn status Lost status Damaged status Not for loan Home library Current library Date acquired Cost, normal purchase price Total Checkouts Full call number Barcode Date last seen Cost, replacement price Price effective from Koha item type
        Hirachand Nemchand Wachanalaya, Solapur Hirachand Nemchand Wachanalaya, Solapur 11/21/2015 100.00   HNW-60005 HNW-60005 11/21/2015 100.00 11/21/2015 Book